Conocimiento y actitudes de padres de adolescentes frente a la planificacion Familiar en dos instituciones de cartagena( Colombia) 2018 / (Registro nro. 4040)
[ vista simple ]
| 000 -LEADER | |
|---|---|
| fixed length control field | 01484nam a2200265 4500 |
| 001 - CONTROL NUMBER | |
| control field | 0000076095 |
| 005 - DATE AND TIME OF LATEST TRANSACTION | |
| control field | 20250329165434.0 |
| 008 - FIXED-LENGTH DATA ELEMENTS--GENERAL INFORMATION | |
| fixed length control field | 190415s2019 000 0 eng d |
| 040 ## - CATALOGING SOURCE | |
| Original cataloging agency | CO-CtgCURN |
| Language of cataloging | spa |
| Transcribing agency | coctgcurn |
| 082 0# - DEWEY DECIMAL CLASSIFICATION NUMBER | |
| Classification number | ENF 2019 |
| Item number | T636 |
| 100 1# - MAIN ENTRY--PERSONAL NAME | |
| Personal name | Torres Rivera, Rosaicelia; |
| 245 10 - TITLE STATEMENT | |
| Title | Conocimiento y actitudes de padres de adolescentes frente a la planificacion Familiar en dos instituciones de cartagena( Colombia) 2018 / |
| Statement of responsibility, etc. | Cindy Vasquez Martinez; Carol Pupo Blanco; Kitzy Perez Cassiani. |
| 260 ## - PUBLICATION, DISTRIBUTION, ETC. | |
| Place of publication, distribution, etc. | Cartagena de Indias : |
| Name of publisher, distributor, etc. | Corporación Universitaria Rafael Núñez, |
| Date of publication, distribution, etc. | 2019. |
| 504 ## - BIBLIOGRAPHY, ETC. NOTE | |
| Bibliography, etc. note | Trabajo de grado (Enfermeria). Corporación Universitaria Rafael Nuñez. Facultad de Ciencias de la salud. Enfermeria, 2019. |
| 520 ## - SUMMARY, ETC. | |
| Summary, etc. | La salud sexual y reproductiva se entiende como el ?estado de completo bienestar físico, mental y social de los individuos, y no nada m s la ausencia de enfermedad o molestias, |
| 650 #0 - SUBJECT ADDED ENTRY--TOPICAL TERM | |
| Topical term or geographic name entry element | Enfermeria |
| Form subdivision | Tesis y disertaciones academicas. |
| 700 1# - ADDED ENTRY--PERSONAL NAME | |
| Personal name | Vasquez Martinez, Cindy. |
| 700 1# - ADDED ENTRY--PERSONAL NAME | |
| Personal name | Torres Rivera, Rosaicelia. |
| 700 1# - ADDED ENTRY--PERSONAL NAME | |
| Personal name | Pupo Blanco, Carol. |
| 700 1# - ADDED ENTRY--PERSONAL NAME | |
| Personal name | Perez Cassiani, Kitzy. |
| 700 1# - ADDED ENTRY--PERSONAL NAME | |
| Personal name | Del toro Rubio, Moraima |
| -- | Asesor. |
| 856 ## - ELECTRONIC LOCATION AND ACCESS | |
| Uniform Resource Identifier | <a href="https://unicurn.sharepoint.com/:b:/s/biblioteca/EWgOwTKoRutDqrO0ZE7RdJsBoNTAdsGHqpiwaG9DWyLD3Q?e=A1r7ee">https://unicurn.sharepoint.com/:b:/s/biblioteca/EWgOwTKoRutDqrO0ZE7RdJsBoNTAdsGHqpiwaG9DWyLD3Q?e=A1r7ee</a> |
| Public note | Click aqui para ver el recurso en texto completo |
| 942 ## - ADDED ENTRY ELEMENTS (KOHA) | |
| Source of classification or shelving scheme | Dewey Decimal Classification |
| Koha item type | Trabajos de grado |
| Classification part | ENF 2019 |
| Item part | T636 |
| Withdrawn status | Lost status | Source of classification or shelving scheme | Damaged status | Not for loan | Collection | Home library | Current library | Shelving location | Date acquired | Source of acquisition | Cost, normal purchase price | Inventory number | Total checkouts | Full call number | Barcode | Date last seen | Price effective from | Koha item type |
|---|---|---|---|---|---|---|---|---|---|---|---|---|---|---|---|---|---|---|
| Dewey Decimal Classification | Trabajos de grado | Miguel Henríquez Emiliani | Miguel Henríquez Emiliani | Trabajo de grado | 06/01/2019 | El autor | 350000.00 | 022569 | ENF 2019 T636 | 022569 | 04/15/2019 | 04/15/2019 | Trabajos de grado |